Регионална библиотека "Любен Каравелов" - Русе

Этюды (Запис номер 363584)

MARC детайли
000 -Лидер
Контролно поле с фиксирана дължина ncm a22 a 4500
003 - Код на организацията, давaща контролен номер
Контролно поле BLK
005 - Дата и час на последна редакция
Контролно поле 20200521171048.0
008 - Елементи от данни с фиксирана дължина
fixed length control field 200403b bu ||||| |||| 00| 0 bu d
040 ## - Източник на каталожния запис
Идентификатор на билиотеката - собственик на записа BLK
041 ## - Код за език
Код за езика на текст/звукозапис или на отделно заглавие Руски
Код за езика КДБФ Руски
080 ## - УДК
Текстов определител УДК Виолончело учебна л-ра. Етюди, гами, упражнения
УДК код - определител по УДК 787.3.087.5
УДК - код + определител 787.3.087.5
100 ## - Редна дума - Автор
R(LIN) 409577
Автор Грановский, Николай
Авторска отговорност първи автор
139 ## - Редно поле
Редна дума Грановский, Николай
Авторски знак Гран - Г 77
245 ## - Сведения за заглавието
Заглавие Этюды
Подзаглавни данни Средней трудности для виолончели
Редно поле (дума) Николай Грановский.
257 ## - Страна на издаване
Страна на създаване/издаване Русия
260 ## - Област на издателските данни
9 (RLIN) 402828
Място на издаване, разпространение и проч. Москва
Име на издателя, разпространителя и проч. Государственное музыкальное издательство
Година на издаване 1958
300 ## - Физическа характеристика
Страници 23 с.
Размери/Мащаб 29 см
380 ## - Жанр
Жанр Изкуство
650 #0 - Допълнително описание по предмет – тема
9 (RLIN) 362455
Основно описание – тема или топоним Виолончело - гами, етюди
653 #7 - Ключова дума – ненормативна
9 (RLIN) 183305
Ключова дума виолончело
653 #7 - Ключова дума – ненормативна
9 (RLIN) 186510
Ключова дума етюди
700 ## - Други автори (авторска отговорност)
9 (RLIN) 1311
Лично име Уткин, Ю.
Автороска отговорност (Описва отношението между автора и произведението) ред.
852 ## - Местоположение
Форматна сигнатура Цб М ІІ 726
999 ## - СИСТЕМНИ КОНТРОЛНИ НОМЕРА
Koha biblionumber 363584
Koha biblioitemnumber 363584
942 ## - АРТИКУЛИ
Вид на библиотечния материал Нотни издания
Скрит в OPAC Не
Периодичен библиозапис Да
944 ## - СЪЗДАВАНЕ И РЕДАКЦИЯ на ЗАПИСА
Дата на регистрацията/редакция 2020-05-21
Служител, извършил регистрацията/редакцията Атанаска Минкова
Създаване/Редакция Създаване
999 ## - СИСТЕМНИ КОНТРОЛНИ НОМЕРА
Koha biblioitemnumber 360044
999 ## - СИСТЕМНИ КОНТРОЛНИ НОМЕРА
Koha biblioitemnumber 351223
Наличности
Код за отписване Код за изгубен артикул Източник на класификационната схема Код за повреда Коз за рестрикции Код за отдаване Артикулен № Име на библиотеката - собственик Име на библиотеката, в която се намира в момента Статус (Текущо местоположение) Дата на вписване в системата Местоположение - отдел Цена в лева Инвентарен номер Систематично азбучна сигнатура Баркод Цена в евро Служебен тип на артикула
  Не е изгубен Universal Decimal Classification Не е повреден само за читалня ползва се в читалня 772240 Регионална библиотека "Любен Каравелов" Русе Регионална библиотека "Любен Каравелов" Русе Хранилище 2020-05-27 Основен фонд - ползва се само за читалня 0.24 9561/58 Цб М ІІ 726 900000010559 0.12 Нотни издания
Vip Innovations Ltd, Rousse, Bulgaria 2025